First CFP Poll of 2025 - Statistics

General Stats
  • This quiz has been taken 35 times
  • The average score is 20 of 25
Answer Stats
Rank Team % Correct
2 Indiana
100%
3 Texas A&M
100%
1 Ohio State
96%
9 Oregon
96%
11 Texas
96%
8 Texas Tech
96%
4 Alabama
93%
18 Miami
93%
21 Michigan
93%
6 Ole Miss
93%
5 Georgia
89%
10 Notre Dame
89%
20 Iowa
85%
19 USC
85%
7 BYU
81%
14 Virginia
81%
17 Georgia Tech
78%
12 Oklahoma
78%
25 Tennessee
78%
16 Vanderbilt
74%
23 Washington
59%
15 Louisville
56%
24 Pitt
56%
13 Utah
56%
22 Missouri
48%
No matching quizzes found
Score Distribution
Percent of People with Each Score
Percentile by Number Answered
Your Score History
You have not taken this quiz